|
|
|
|
| LEADER |
00822nam a2200217 i 4500 |
| 001 |
c000306713 |
| 003 |
CARM |
| 005 |
00000000000000.0 |
| 008 |
840316s1971 nyu 0 eng d |
| 019 |
1 |
|
|a 10220812
|z 42396
|5 LACONCORD2021
|
| 035 |
|
|
|a (OCoLC)157438
|5 LACONCORD2021
|
| 082 |
0 |
4 |
|a 547.07
|
| 245 |
0 |
4 |
|a The Chemistry of organophosphorus compounds /
|c [By L. Maier and others].
|
| 260 |
|
|
|a Berlin, New York :
|b Springer-Verlag,
|c 1971-.
|
| 300 |
|
|
|a v. :
|b illus.
|
| 490 |
0 |
|
|a Topics in current chemistry ;
|v 19-20
|
| 650 |
|
0 |
|a Organophosphorus compounds.
|
| 700 |
1 |
|
|a Maier, L.
|
| 852 |
8 |
|
|b CARM
|h A1:AQ21A0
|i B10566
|p 0500290
|f BK
|
| 999 |
f |
f |
|i 1dc5e582-b0d0-5ebe-a46d-1392882671bd
|s 3286b27f-bfa1-56ea-a7c9-abfca2079cd8
|
| 952 |
f |
f |
|p Can circulate
|a CAVAL
|b CAVAL
|c CAVAL
|d CARM 1 Store
|e B10566
|f A1:AQ21A0
|h Other scheme
|i book
|m 0500290
|